000 00854cab a2200253 4500
001 ABS54231
008 090401t1995 xxu||||| |||| 00| 0 eng d
035 _a(Sirsi) u9152
041 _aeng
100 _aBright, S.
245 _aTenant farming: for the good of the nation?
260 _c1995
350 _a0
490 _aConveyancer & Property Lawyer
_vNovember/December 1995, 431-445(7)
520 _aInvestigates the impact the Agricultural Tenancies Act 1995 will have on the agricultural tenanted sector, and how the change from security of tenure to a free market in letting land has come about.
650 _aAGRICULTURAL TENANCIES ACT 1995
650 _aFREE MARKET
650 _aSECURITY OF TENURE
650 _aSUSTAINABLE FARMING
650 _aTENANT FARMERS
690 _aRURAL PRACTICE
942 _n0
948 _c04/03/1997
999 _c5677
_d5677